Topographia de la villa de Madrid [ (Record no. 102909)

MARC details
000 -LEADER
campo de control de longitud fija 01484nem a2200289 i 4500
001 - NÚMERO DE CONTROL
campo de control 102909
003 - IDENTIFICADOR DE NÚMERO DE CONTROL
campo de control ES-MaACL
005 - FECHA Y HORA DE LA ÚLTIMA TRANSACCIÓN
campo de control 20250803094824.0
007 - CAMPO FIJO DE DESCRIPCIÓN FÍSICA--INFORMACIÓN GENERAL
campo de control de longitud fija t|
008 - DATOS DE LONGITUD FIJA--INFORMACIÓN GENERAL
campo de control de longitud fija 051216s1943 sp eh | |0|1||spa d
080 ## - NÚMERO DE LA CLASIFICACIÓN DECIMAL UNIVERSAL
Número de la Clasificación Decimal Universal (460.27 Madrid)
130 0# - ENTRADA PRINCIPAL--TÍTULO UNIFORME
Título uniforme Madrid.
Subencabezamiento de forma Planos de población (
Fecha de la firma de un tratado 1656).
Fecha de publicación/de la obra 1943.
9 (RLIN) 161439
245 10 - MENCIÓN DEL TÍTULO
Título Topographia de la villa de Madrid [
Medio Material cartográfico] /
Mención de responsabilidad, etc. descrita por Don Pedro Texeira, año 1656.
255 ## - DATOS MATEMÁTICOS CARTOGRÁFICOS
Mención de escala Escala [ca. 1:1.660]. Pitipié de Quinientas Varas Castellanas [= 25,1 cm].
260 ## - PUBLICACIÓN, DISTRIBUCIÓN, ETC.
Lugar de publicación, distribución, etc. Madrid :
Nombre del editor, distribuidor, etc. [Instituo Geográfico y Catastral],
Fecha de publicación, distribución, etc. 1943.
300 ## - DESCRIPCIÓN FÍSICA
Extensión 1 plano en 20 h. en una carpeta ;
Dimensiones 180 x 285 cm en h. de 47 x 58 cm.
500 ## - NOTA GENERAL
Nota general En la parte superior en filacteria: "Mantua Carpetanorum sive matritum urbs regia"
500 ## - NOTA GENERAL
Nota general Inserta: Relación de edificios.
500 ## - NOTA GENERAL
Nota general Los edificios están representados en perspectiva caballera.
500 ## - NOTA GENERAL
Nota general A la derecha representación alegórica con dedicatoria a Felipe IV, coronada por el escudo real sostenido por ángeles, alrededor distintos trofeos. En la parte inferior tres cartelas que encierras las escalas y el título.
500 ## - NOTA GENERAL
Nota general En el centro de la parte superior: escudo de la ciudad.
500 ## - NOTA GENERAL
Nota general Es reprod. del plano de Madrid de Don Pedro de Texeira que se encuentra en el Museo Municipal de Madrid.
651 #4 - PUNTO DE ACCESO ADICIONAL DE MATERIA--NOMBRE GEOGRÁFICO
Nombre geográfico Madrid-
Subdivisión de forma Planos-
Subdivisión cronológica S.XVII
9 (RLIN) 8981
700 1# - ENTRADA AGREGADA--NOMBRE PERSONAL
Nombre de persona Texeira, Pedro de.
9 (RLIN) 109852
852 ## - LOCALIZACIÓN
Ubicación ES-MaACL
Número de control de estantería GF-43
Holdings
Estatus retirado Estado de pérdida Estado de daño No para préstamo Biblioteca de origen Biblioteca actual Ubicación en estantería Fecha de adquisición Fuente de adquisición Total de préstamos Signatura topográfica completa Código de barras Visto por última vez Precio de reemplazo Tipo de ítem Koha
        Biblioteca del Ateneo de Madrid Biblioteca del Ateneo de Madrid Depósito 2 17/01/2008     GF-43 1107443 23/02/2023 23/02/2023 Mapa